Online katalóg knižníc regiónu Turca

Predané dcéry (Record no. 22514)

MARC details
000 -LEADER
fixed length control field 01341cam a2200445 a 4500
001 - CONTROL NUMBER
control field 22514
003 - CONTROL NUMBER IDENTIFIER
control field SK-KTurca
005 - DATE AND TIME OF LATEST TRANSACTION
control field 20260331141521.0
008 - FIXED-LENGTH DATA ELEMENTS--GENERAL INFORMATION
fixed length control field 240702s1993 xo g h 00001aslo
015 ## - NATIONAL BIBLIOGRAPHY NUMBER
National bibliography number SNBA1993/10
020 ## - INTERNATIONAL STANDARD BOOK NUMBER
International Standard Book Number 8021801468
035 ## - SYSTEM CONTROL NUMBER
System control number SNK000015751
040 ## - CATALOGING SOURCE
Original cataloging agency SNK
Language of cataloging slo
Transcribing agency SNK
Description conventions AACR2
041 1# - LANGUAGE CODE
Language code of text/sound track or separate title slo
Language code of original eng
044 ## - COUNTRY OF PUBLISHING/PRODUCING ENTITY CODE
MARC country code xo
ISO country code SK
072 #7 - SUBJECT CATEGORY CODE
Subject category code 929
Subject category code subdivision Biografie
Source konspekt
080 ## - UNIVERSAL DECIMAL CLASSIFICATION NUMBER
Universal Decimal Classification number 820-3
Edition identifier 1981
080 ## - UNIVERSAL DECIMAL CLASSIFICATION NUMBER
Universal Decimal Classification number (0:82-94)
Edition identifier 2011
080 ## - UNIVERSAL DECIMAL CLASSIFICATION NUMBER
Universal Decimal Classification number 326
Edition identifier 2011
080 ## - UNIVERSAL DECIMAL CLASSIFICATION NUMBER
Universal Decimal Classification number 326.1-055.2
Edition identifier 2011
100 1# - MAIN ENTRY--PERSONAL NAME
Personal name Muhsen, Zana,
Dates associated with a name 1964-
Relationship aut
240 10 - UNIFORM TITLE
Uniform title Sold, a Story of Modern-Day Slavery
Language of a work Slovensky
245 10 - TITLE STATEMENT
Title Predané dcéry
Statement of responsibility, etc. Zana Muhsen ; prekl. Hana Lerchová
250 ## - EDITION STATEMENT
Edition statement 1. vyd.
260 ## - PUBLICATION, DISTRIBUTION, ETC.
Place of publication, distribution, etc. Bratislava
Name of publisher, distributor, etc. Danubiapress
Date of publication, distribution, etc. 1993
Place of manufacture Bratislava
Manufacturer Danubiaprint
300 ## - PHYSICAL DESCRIPTION
Extent 239 s.
Dimensions 21 cm
500 ## - GENERAL NOTE
General note Sadzba: NOVA 17
650 07 - SUBJECT ADDED ENTRY--TOPICAL TERM
Topical term or geographic name entry element obchod so ženami
Source of heading or term SNKPH
650 07 - SUBJECT ADDED ENTRY--TOPICAL TERM
Topical term or geographic name entry element Slave trade
Source of heading or term SNKPHeng
650 07 - SUBJECT ADDED ENTRY--TOPICAL TERM
Topical term or geographic name entry element otroctvo
Source of heading or term SNKPH
650 07 - SUBJECT ADDED ENTRY--TOPICAL TERM
Topical term or geographic name entry element Slavery
Source of heading or term SNKPHeng
655 #7 - INDEX TERM--GENRE/FORM
Genre/form data or focus term Autobiographical reminiscences
Source of term SNKPHeng
655 #7 - INDEX TERM--GENRE/FORM
Genre/form data or focus term autobiografické spomienky
Source of term SNKPH
700 1# - ADDED ENTRY--PERSONAL NAME
Personal name Lerchová, Hana,
Dates associated with a name 1932-2007
Relationship trl
700 1# - ADDED ENTRY--PERSONAL NAME
Personal name Klimo, Martin,
Dates associated with a name 1954-
Relationship bjd
700 1# - ADDED ENTRY--PERSONAL NAME
Personal name Musil, Bruno
Relationship bjd
942 ## - ADDED ENTRY ELEMENTS (KOHA)
Source of classification or shelving scheme Dewey Decimal Classification
Koha item type Krásna literatúra pre dospelých
Suppress in OPAC No
Holdings
Stav vyradenia Strata Poškodenie Spôsob nadobudnutia Domovská knižnica Aktuálna knižnica Dátum nadobudnutia Total checkouts Čiarový kód exemplára Date last seen Typ exemplára
      Dar Obecná knižnica Horná Štubňa Obecná knižnica Horná Štubňa 31.03.2026   4736202075 31.03.2026 Krásna literatúra pre dospelých
Projekt je podporený Slovenskou asociáciou knižníc
Prevádzkuje Turčianska knižnica Martin 2026